MENTOR BUSINESS STUDIES GRADE 7: LEARNER'S BOOK (Record no. 210134)

MARC details
000 -LEADER
fixed length control field 00434nam a22001457a 4500
008 - FIXED-LENGTH DATA ELEMENTS--GENERAL INFORMATION
fixed length control field 240520b |||||||| |||| 00| 0 eng d
020 ## - INTERNATIONAL STANDARD BOOK NUMBER
International Standard Book Number 978-9966-012-142
100 ## - MAIN ENTRY--PERSONAL NAME
Personal name GATHOGO, J.N.
245 ## - TITLE STATEMENT
Title MENTOR BUSINESS STUDIES GRADE 7: LEARNER'S BOOK
260 ## - PUBLICATION, DISTRIBUTION, ETC.
Place of publication, distribution, etc. NAIROBI
Name of publisher, distributor, etc. MENTOR PUBLISHING CO. LTD
Date of publication, distribution, etc. 2022
300 ## - PHYSICAL DESCRIPTION
Extent II, 134P.
650 ## - SUBJECT ADDED ENTRY
Topical term or geographic name entry element BUSINESS STUDIES-STUDY AND TEACHING (SECONDARY)
700 ## - ADDED ENTRY--PERSONAL NAME
Personal name MBURU, N.
942 ## - ADDED ENTRY ELEMENTS (KOHA)
Source of classification or shelving scheme Library of Congress Classification
Koha item type Long Loan Book
Holdings
Withdrawn status Lost status Source of classification or shelving scheme Damaged status Not for loan Collection Home library Current library Date acquired Inventory number Total checkouts Full call number Barcode Date last seen Copy number Price effective from Koha item type
    Library of Congress Classification     Business & Economics Kisii University Library Kisii University Library 05/20/2024 103893   HF 1141 .G58 2022 V.7 000000006767 05/20/2024 5 05/20/2024 Long Loan Book
    Library of Congress Classification     Business & Economics Kisii University Library Kisii University Library 05/20/2024 103892   HF 1141 .G58 2022 V.7 000000006766 05/20/2024 4 05/20/2024 Long Loan Book
    Library of Congress Classification     Business & Economics Kisii University Library Kisii University Library 05/20/2024 103891   HF 1141 .G58 2022 V.7 000000006765 05/20/2024 3 05/20/2024 Long Loan Book
    Library of Congress Classification     Business & Economics Kisii University Library Kisii University Library 05/20/2024 103890   HF 1141 .G58 2022 V.7 000000006764 05/20/2024 2 05/20/2024 Long Loan Book
    Library of Congress Classification     Business & Economics Kisii University Library Kisii University Library 05/20/2024 103889   HF 1141 .G58 2022 V.7 000000006828 05/20/2024 1 05/20/2024 Long Loan Book